Normal view
MARC view
Entry Personal Name
001 - CONTROL NUMBER
- control field: 28929
003 - CONTROL NUMBER IDENTIFIER
- control field: ARRUPE
005 - DATE AND TIME OF LATEST TRANSACTION
- control field: 20170222100906.0
008 - FIXED-LENGTH DATA ELEMENTS
- fixed length control field: 170222|| aca||aabn | a|a d
040 ## - CATALOGING SOURCE
- Original cataloging agency: ARRUPE
- Transcribing agency: ARRUPE
100 ## - HEADING--PERSONAL NAME
- Personal name: Blake, Quentin,
- Relator term: ill.
670 ## - SOURCE DATA FOUND
- Source citation: Work cat.: (ARRUPE)0: Dahl, Roald. 28925, Rhyme stew /, 1990, c1989.